Bridges of the Hutt River - Statistics

General Stats
  • This quiz has been taken 10 times
  • The average score is 8 of 14
Answer Stats
Location Carries Answer % Correct
Lower Hutt Road Ewen Bridge
71%
Lower Hutt Road Kennedy-Good Bridge
71%
Lower Hutt Road Melling Bridge
71%
Upper Hutt Road Moonshine Bridge
71%
Cross-Boundary Rail Silverstream Rail Bridge
71%
Cross-Boundary Road Silverstream Road Bridge
71%
Lower Hutt Rail Ava Bridge
57%
Lower Hutt Rail Pomare Rail Bridge
57%
Upper Hutt Foot Swingbridge (Kaitoke Regional Park)
57%
Lower Hutt Road Estuary Bridge (Waione Street)
43%
Upper Hutt Foot Flume Bridge (Kaitoke Regional Park)
43%
Upper Hutt Road Totara Park Bridge
43%
Upper Hutt Road Akatarawa Road Bridge
29%
Upper Hutt Foot Norbert Street Bridge
0%
No matching quizzes found
Score Distribution
Percent of People with Each Score
Percentile by Number Answered
Your Score History
You have not taken this quiz